|
|
|
|
| LEADER |
00000nab a2200000 a 4500 |
| 001 |
vtls000539782 |
| 003 |
SK-MaSNL |
| 005 |
20260303210723.0 |
| 008 |
140716c1995 xo 0 cze |
| 015 |
|
|
|a SNBRB19rr/mm-uuuuu
|
| 035 |
|
|
|a CL0539920
|
| 040 |
|
|
|a SNKBUCL
|b slo
|c SNKBUCL
|e AACR2
|
| 041 |
0 |
|
|a cze
|
| 044 |
|
|
|a xo
|c SK
|
| 080 |
|
|
|a 379.821-053.2/.6:061.25(4)
|2 1981
|
| 100 |
1 |
|
|a Hofbauer, Břetislav,
|d 1925-2007
|4 aut
|9 216269
|
| 245 |
1 |
0 |
|a Evropská asociace zařízení pro volný čas dětí a mládeže bilancovala
|c Břetislav Hofbauer
|
| 650 |
0 |
7 |
|a deti
|2 snkbucl
|9 773
|
| 650 |
0 |
7 |
|a mládež
|2 snkbucl
|9 1575
|
| 650 |
0 |
7 |
|a voľný čas
|2 snkbucl
|9 3355
|
| 650 |
0 |
7 |
|a Európska asociácia zariadení pre voľný čas detí a mládeže z veľkých miest
|2 snkbucl
|9 981471
|
| 655 |
|
7 |
|a články z novín a časopisov
|2 snkbucl
|9 267496
|
| 773 |
0 |
|
|t Vychovávateľ
|g Roč. 49, č. 5-6 (1995), s. 5-7
|
| 850 |
|
|
|a Slovenská národná knižnica v Martine
|a MTA001
|
| 852 |
|
|
|a SNK
|b KIS3GCP
|
| 958 |
|
|
|a RK
|
| 992 |
|
|
|a RBX
|
| 999 |
|
|
|c 2201357
|d 2203287
|